00812nam a2200253 i 4500001001000000003000900010005001700019007000300036008004100039020001800080040003000098041000800128082002400136100005300160245005200213264003900265300004400304336002700348337003300375338002800408500007100436650002400507650002700531000014547DO-SdBNP20260306101608.0ta100114s2007 dr a r 001 p spa d a9789993442653 aDO-SdBNPbspacBNPHUerda aspa 4aRD861.44bM632a2221 aMieses Burgos, Franklin,d1907-1976eautor4aut.13aEl ángel destruido /cFranklin Mieses Burgos. 1aSanto Domingo :bFerilibro,c2007. a40 páginas :bilustraciones ;c23 cm. atextobtxt2rdacontent asin mediaciónbn2rdamedia avolumenbnc2rdacarrier aIncluye datos biográficos del autor en las solapa de la cubierta 4aPoesía dominicana 4aLiteratura dominicana.